UK Towns Quiz - Suffolk - Extreme - Statistics

General Stats
  • This quiz has been taken 179 times
  • The average score is 40 of 79
Answer Stats
Clue Population Name of the Town % Correct
I 151,562 Ipswich
100%
L 71,327 Lowestoft
95%
B 41,291 Bury St Edmunds
92%
N 5,050 Needham Market
92%
F 24,213 Felixstowe
91%
S 21,534 Stowmarket
87%
N 18,864 Newmarket
84%
S 23,912 Sudbury
80%
S 1,098 Southwold
77%
B 9,809 Beccles
76%
H 26,710 Haverhill
75%
A 2,422 Aldeburgh
73%
W 10,144 Woodbridge
73%
K 14,948 Kesgrave
72%
B 5,008 Bungay
71%
H 8,641 Hadleigh
68%
E 2,210 Eye
65%
M 9,676 Mildenhall
63%
S 4,777 Saxmundham
63%
L 5,919 Leiston
60%
C 1,344 Cock End
58%
F 3,834 Framlingham
58%
B 9,225 Brandon
56%
C 2,278 Clare
55%
G 1,375 Great Waldingfield
55%
W 2,233 Wickham Market
54%
D 2,296 Debenham
53%
H 4,927 Halesworth
53%
I 2,299 Ixworth
53%
K 4,239 Kessingland
52%
L 4,567 Lakenheath
52%
L 3,898 Long Melford
52%
T 1,727 Trimley St Martin
51%
T 3,738 Trimley St Mary
51%
C 3,144 Claydon
50%
E 2,210 East Bergholt
48%
M 1,978 Martlesham
48%
M 2,731 Martlesham Heath
48%
T 3,013 Thurston
48%
C 2,991 Capel St Mary
47%
M 1,608 Melton
47%
E 4,451 Elmswell
45%
S 1,416 Shotley Gate
45%
R 2,369 Reydon
44%
W 1,841 Woolpit
44%
G 1,845 Great Barton
42%
R 3,189 Rendlesham
41%
S 2,312 Stanton
41%
S 2,019 Stowupland
41%
R 5,769 Red Lodge
40%
G 3,693 Glemsford
39%
G 2,192 Great Blakenham
39%
L 1,002 Laxfield
39%
M 1,018 Mendlesham
39%
S 1,191 Stradbroke
39%
W 1,257 Walsham le Willows
39%
B 2,336 Bramford
38%
G 1,423 Grundisburgh
38%
B 1,960 Barrow
37%
B 1,096 Bildeston
37%
H 1,317 Haughley
36%
S 1,260 Sutton Common
36%
B 1,569 Bacton
35%
B 4,126 Beck Row
35%
C 1,132 Corton
35%
E 2,049 Exning
35%
R 1,841 Rickinghall
35%
A 1,666 Acton
34%
B 2,084 Brantham
34%
G 1,171 Gislingham
34%
H 2,138 Holbrook
34%
K 1,244 Kirton
34%
W 3,621 Worlingham
34%
K 1,778 Kedington
33%
E 1,002 Elmsett
32%
K 1,125 Kentford
32%
L 1,225 Lavenham
31%
G 1,518 Great Bricett
30%
L 4,117 Little Eriswell
29%
No matching quizzes found
Score Distribution
Percent of People with Each Score
Percentile by Number Answered
Your Score History
You have not taken this quiz